| 000 | 00545nam a2200181Ia 4500 | ||
|---|---|---|---|
| 005 | 20250508160154.0 | ||
| 008 | 008 250505s9999 xx 000 0 eng d | ||
| 037 | _aBooks to be hide in OPAC | ||
| 040 |
_aFEDL _beng _cFEDL |
||
| 041 |
_aeng _2eng |
||
| 084 |
_a640.7, UNI/O _qFEDL |
||
| 100 |
_aLyford Carrie Alberta _9768045 |
||
| 245 | 0 | _aThree short courses in home making | |
| 260 |
_aWashington, USA _bU.S. Government Printing Office _c1917 |
||
| 300 | _a104p. | ||
| 942 |
_cHB _h640.7, UNI/O |
||
| 999 |
_c1362408 _d1362408 |
||